| 000 | 004530000a22001810004500 | ||
|---|---|---|---|
| 003 | MACL | ||
| 005 | 20150822114721.0 | ||
| 008 | 150822b xxu||||| |||| 00| 0 eng d | ||
| 040 |
_aMACL _cMACL |
||
| 041 | _aEnglish | ||
| 082 | _a599.759/THA | ||
| 100 |
_aThapar, Valmik _96709 |
||
| 245 | _aWild Tiger of Ranthambhore | ||
| 260 |
_bOxford University Press _c2005 _aNew Delhi |
||
| 350 | _a995 | ||
| 650 |
_aAnimals _96710 |
||
| 942 |
_cBK _k599.759 _2ddc |
||
| 999 |
_c20741 _d20741 |
||